Normal view
MARC view
Entry Personal Name
001 - CONTROL NUMBER
- control field: 9585
003 - CONTROL NUMBER IDENTIFIER
- control field: ARRUPE
005 - DATE AND TIME OF LATEST TRANSACTION
- control field: 20140327164819.0
008 - FIXED-LENGTH DATA ELEMENTS
- fixed length control field: 140327|| aca||aabn | a|a d
040 ## - CATALOGING SOURCE
- Original cataloging agency: ARRUPE
- Transcribing agency: ARRUPE
100 ## - HEADING--PERSONAL NAME
- Personal name: Reenen, Jacob van.
670 ## - SOURCE DATA FOUND
- Source citation: Work cat.: (ARRUPE)0: Kirby, Percival R. (Percival Robson), 1887-1970. 9584, Jacob van Reenen and the Grosvenor expedition of 1790-1791., 1958.